| 000 | 01052nam a2200313 i 4500 | ||
|---|---|---|---|
| 003 | EG-GICUC | ||
| 005 | 20260425192849.0 | ||
| 008 | 260420s1978 us ||||fr|||| 00| 0 eng d | ||
| 040 |
_aEG-GiCUC _beng _cEG-GiCUC _dEG-GiCUC _erda |
||
| 041 | 0 | _aeng | |
| 082 | 0 | 4 |
_221 _a343.37 _bOR . C |
| 092 | 0 | 4 | _221 |
| 099 | _aLaw1 10 343.37 OR . C 1978 | ||
| 100 | 1 |
_aOrland, Leonard _eAuthor. |
|
| 245 | 1 | 0 |
_aCriminal procedure: cases and materials on the administration of criminal law. 1978 supplement / _cLeonard Orland, Abraham S. Goldstein |
| 264 | 1 |
_aToronto : _bLittle, Brown and Company, _c1978. |
|
| 300 |
_a297 pages: _c24 cm |
||
| 336 |
_2rda content _atext |
||
| 337 |
_2rda media _aComputer |
||
| 338 |
_2rda carrier _aOnline Resource |
||
| 504 | _aComprend des références bibliographiques. | ||
| 546 | _aText in English | ||
| 650 | 1 | 4 |
_aCriminal law _2qrmak |
| 651 | 1 | _2qrmak | |
| 700 | 1 |
_aGoldstein, Abraham S. _eAuthor. |
|
| 856 | 4 | 0 | _uhttps://fll.law.cu.edu.eg/fulltext/bks/B10-08986.pdf |
| 905 | _a74 | ||
| 942 |
_2ddc _n0 _cBK _e21 |
||
| 999 |
_c72075 _d72075 |
||